000
00308nam a22001337a 4500
003
SGT
082
_a
150
_b
F14C
100
_a
CORNELISSEN, R.M.M.
245
_a
FOUNDATIONS AND APPLICATION OF INDIAN PSYCHOLOGY
260
_a
DELHI
_b
PEARSON
_c
2014
300
_a
418
650
_a
PSYCHOLOGY
942
_2
ddc
_c
BK
999
_c
10567
_d
10567